[Event "Reykjavik Open 2015"]
[Site "Reykjavik, "]
[Date "2015.03.16"]
[Round "8.83"]
[White "Thorsteinsson, Erlingur"]
[Black "Arroyo Figuero, Fernando"]
[Result "1/2-1/2"]
[WhiteElo "2119"]
[BlackElo "1835"]
[PlyCount "38"]
[EventDate "2015.03.10"]

1. e4 c6 2. d4 d5 3. Nc3 dxe4 4. Nxe4 Nd7 5. Qe2 Ndf6 6. Nf3 Bg4 7. c3 e6 8. h3
Bxf3 9. Qxf3 Qd5 10. Nxf6+ Nxf6 11. Be2 Be7 12. Be3 O-O 13. O-O Rad8 14. Qg3
Ne4 15. Qf3 Nf6 16. Rfe1 Rfe8 17. Red1 a6 18. Qg3 Ne4 19. Qf3 Nf6 1/2-1/2

[Event "Reykjavik Open 2015"]
[Site "Reykjavik, "]
[Date "2015.03.16"]
[Round "8.84"]
[White "Borg, Flemming"]
[Black "Chan, James"]
[Result "0-1"]
[WhiteElo "1828"]
[BlackElo "2038"]
[PlyCount "164"]
[EventDate "2015.03.10"]

1. e4 c5 2. d3 g6 3. g3 Bg7 4. Bg2 Nc6 5. f4 a6 6. Nf3 Nf6 7. O-O O-O 8. c3 c4
9. Kh1 cxd3 10. Qxd3 d5 11. e5 Ne4 12. Be3 Bf5 13. Qe2 Qc8 14. Nbd2 Rd8 15. Nd4
Nxd4 16. Bxd4 Nc5 17. Bxc5 Qxc5 18. Nb3 Qc8 19. Rfe1 a5 20. Nd4 Ra6 21. Rad1
Bg4 22. Bf3 Bxf3+ 23. Nxf3 a4 24. a3 Rb6 25. Rd2 e6 26. Red1 Re8 27. Rd4 Qa8
28. R1d2 Rc8 29. Qd1 Ra6 30. c4 dxc4 31. Rxc4 Bf8 32. Rxc8 Qxc8 33. Rd8 Qc6 34.
Kg1 Qc5+ 35. Kg2 Rb6 36. Qd7 Rxb2+ 37. Kh3 Kg7 38. Ng5 Qe7 39. Qd4 h6 40. Rd7
Qxd7 41. Qxd7 hxg5 42. Qxa4 gxf4 43. gxf4 b5 44. Qa5 Rb3+ 45. Kg4 Bxa3 46. h4
Bf8 47. h5 gxh5+ 48. Kxh5 b4 49. Kg4 Rb1 50. Qb6 Rf1 51. Qe3 Be7 52. Kg3 Ra1
53. Kg4 Ra3 54. Qb6 Rc3 55. Qd4 Kf8 56. f5 exf5+ 57. Kxf5 Rc6 58. Qd5 Re6 59.
Qb7 Kg7 60. Qg2+ Rg6 61. Qb2 Kg8 62. Qb3 Bf8 63. Qd3 Rb6 64. Qe3 Rc6 65. Qg5+
Rg6 66. Qe3 Bg7 67. Qd3 Rh6 68. Qf3 Re6 69. Qa8+ Kh7 70. Qh1+ Rh6 71. Qe4 b3
72. Kg5+ Rg6+ 73. Kh5 Kg8 74. Qa8+ Bf8 75. Qb7 Rg3 76. Kh4 Re3 77. Qb6 Be7+ 78.
Kg4 Re4+ 79. Kf3 Rb4 80. Qc7 b2 81. Qxe7 b1=Q 82. Qd8+ Kh7 0-1

[Event "Reykjavik Open 2015"]
[Site "Reykjavik, "]
[Date "2015.03.16"]
[Round "8.85"]
[White "Strand, Kjetil"]
[Black "Moller, Agnar T"]
[Result "0-1"]
[WhiteElo "2037"]
[BlackElo "1806"]
[PlyCount "82"]
[EventDate "2015.03.10"]

1. e4 c5 2. Nf3 e6 3. d4 cxd4 4. Nxd4 Nc6 5. Nc3 Qc7 6. g3 a6 7. Bg2 d6 8. O-O
Bd7 9. Re1 Nxd4 10. Qxd4 Bc6 11. Nd5 Qd8 12. a4 Ne7 13. Bg5 e5 14. Qd3 h6 15.
Be3 Nxd5 16. exd5 Bd7 17. a5 f5 18. Ra3 Be7 19. Bb6 Qb8 20. Rc3 Bd8 21. Qe3 O-O
22. Bf3 Bg5 23. Qe2 Bb5 24. Qd1 Rc8 25. Rxc8+ Qxc8 26. Bh5 Bd8 27. Bxd8 Qxd8
28. b4 Rc8 29. Be2 Bxe2 30. Rxe2 Rc4 31. Qb1 Qc8 32. b5 axb5 33. Qxb5 f4 34.
gxf4 Qg4+ 35. Kf1 Qf3 36. Ke1 Qc3+ 37. Kf1 Rxf4 38. Qb3 Qxa5 39. Qxb7 Qa1+ 40.
Kg2 Qd1 41. Qa6 Qxd5+ 0-1

[Event "Reykjavik Open 2015"]
[Site "Reykjavik, "]
[Date "2015.03.16"]
[Round "8.86"]
[White "Thiry, Jean-Christophe"]
[Black "Sibiya, Ruddy T"]
[Result "1-0"]
[WhiteElo "2031"]
[BlackElo "1784"]
[PlyCount "81"]
[EventDate "2015.03.10"]

1. d4 d5 2. Bf4 e6 3. Nf3 c6 4. e3 f5 5. c4 Nf6 6. Nbd2 Be7 7. h3 O-O 8. Be2
Ne4 9. O-O b6 10. Ne5 Bb7 11. Rc1 Nd7 12. Ndf3 Nxe5 13. Nxe5 Qe8 14. cxd5 exd5
15. Qa4 b5 16. Qc2 Rc8 17. Nd3 c5 18. dxc5 Nxc5 19. Nxc5 Bxc5 20. Qb3 Kh8 21.
Qxb5 Qe7 22. Bf3 a6 23. Qa4 Bd6 24. Rfd1 Rxc1 25. Rxc1 h6 26. Bxd6 Qxd6 27. Qd4
Rd8 28. Qc5 Kh7 29. Qxd6 Rxd6 30. Rc5 Kg6 31. Kf1 Kf6 32. Ke2 Ke5 33. Rc7 Rb6
34. b3 g5 35. Kd3 Bc6 36. Kc3 Kd6 37. Rh7 Ke5 38. Rxh6 f4 39. exf4+ gxf4 40.
Rh5+ Kd6 41. Rf5 1-0

[Event "Reykjavik Open 2015"]
[Site "Reykjavik, "]
[Date "2015.03.16"]
[Round "8.88"]
[White "Opasiak, Dustin Tennessee"]
[Black "Edvardsen, Ragnar"]
[Result "0-1"]
[WhiteElo "1781"]
[BlackElo "2001"]
[PlyCount "100"]
[EventDate "2015.03.10"]

1. e4 e5 2. Nf3 Nc6 3. Bb5 a6 4. Bxc6 dxc6 5. Nc3 Bg4 6. h3 Bxf3 7. Qxf3 Qf6 8.
d3 Qxf3 9. gxf3 Bd6 10. Rg1 g6 11. Ne2 O-O-O 12. f4 Ne7 13. fxe5 Bxe5 14. f4
Bf6 15. Ng3 Rhe8 16. Ne2 c5 17. Rb1 Nc6 18. a3 Bh4+ 19. Kf1 c4 20. Rg4 cxd3 21.
cxd3 Be7 22. Rg3 Bc5 23. Be3 Nd4 24. b4 Bb6 25. h4 Nf5 26. exf5 Bxe3 27. fxg6
hxg6 28. Rd1 Bd4 29. Nxd4 Rxd4 30. Rf3 Rh8 31. f5 Rhxh4 32. fxg6 fxg6 33. Kf2
Rdf4 34. Rxf4 Rxf4+ 35. Ke3 Rf6 36. Rh1 Kd7 37. Rh7+ Kd6 38. Rg7 b5 39. Kd4
Rf4+ 40. Ke3 Rg4 41. Kf3 Rg1 42. Rg8 Kc6 43. Ke4 Kb7 44. Rg7 Ra1 45. Rxg6 Rxa3
46. Ke3 Ra4 47. Rg4 a5 48. Re4 Rxb4 49. Rxb4 axb4 50. d4 Kc6 0-1

[Event "Reykjavik Open 2015"]
[Site "Reykjavik, "]
[Date "2015.03.16"]
[Round "8.89"]
[White "Kjartansson, Dagur"]
[Black "Carlsen, Henrik"]
[Result "0-1"]
[WhiteElo "1756"]
[BlackElo "1986"]
[PlyCount "52"]
[EventDate "2015.03.10"]

1. c4 e5 2. Nc3 f5 3. g3 Nf6 4. Bg2 Be7 5. e3 d6 6. Nge2 O-O 7. b3 c6 8. d4 Qc7
9. O-O Be6 10. Bb2 Nbd7 11. d5 Bf7 12. Rc1 Rad8 13. e4 Bg6 14. exf5 Bxf5 15. f4
Ng4 16. Qe1 Nc5 17. fxe5 Nd3 18. Qd2 Qb6+ 19. Kh1 Ngf2+ 20. Rxf2 Nxf2+ 21. Kg1
Bg5 22. Qd4 Be3 23. Qxb6 axb6 24. Kf1 Nd3 25. Nd1 Bg4+ 26. Nf4 Bxc1 0-1

[Event "Reykjavik Open 2015"]
[Site "Reykjavik, "]
[Date "2015.03.16"]
[Round "8.90"]
[White "Vigdal, Per Kr"]
[Black "Davidsdottir, Nansy"]
[Result "1-0"]
[WhiteElo "1985"]
[BlackElo "1641"]
[PlyCount "93"]
[EventDate "2015.03.10"]

1. e4 c5 2. Nf3 e6 3. d4 cxd4 4. Nxd4 a6 5. Be2 Nc6 6. O-O Qc7 7. c4 Nf6 8. Nc3
Bb4 9. Nxc6 bxc6 10. Bf3 O-O 11. Re1 Qe5 12. Bd2 Ne8 13. a3 Be7 14. Qc2 Bg5 15.
Rad1 d6 16. g3 Bxd2 17. Qxd2 Bb7 18. Bg2 f5 19. exf5 Qxf5 20. f4 d5 21. Re5 Qf6
22. c5 Nc7 23. Ne2 a5 24. Nd4 Qe7 25. Rc1 Qd7 26. Bh3 Rf6 27. Rce1 Re8 28. Qxa5
Rh6 29. Bf1 Ra8 30. Qb4 Rb8 31. Qc3 Re8 32. b4 Ra8 33. b5 Rc8 34. a4 Re8 35. a5
Nxb5 36. Bxb5 cxb5 37. c6 Qc8 38. Rc1 Ba6 39. Qc5 b4 40. Qb6 Bc4 41. Qxb4 Rf6
42. Qb7 Qd8 43. c7 Qd7 44. a6 Qc8 45. Qxc8 Rxc8 46. a7 Kf7 47. Ra1 1-0

[Event "Reykjavik Open 2015"]
[Site "Reykjavik, "]
[Date "2015.03.16"]
[Round "8.91"]
[White "Gaarder, Hans K"]
[Black "Stuhr, Peter Sebastian"]
[Result "0-1"]
[WhiteElo "1701"]
[BlackElo "1973"]
[PlyCount "130"]
[EventDate "2015.03.10"]

1. d4 d6 2. e4 Nf6 3. Nc3 e5 4. dxe5 dxe5 5. Qxd8+ Kxd8 6. Bg5 Be6 7. O-O-O+
Nbd7 8. Nf3 Kc8 9. Bb5 c6 10. Bd3 Kc7 11. h3 Bb4 12. a3 Bxc3 13. bxc3 b5 14.
Be3 h6 15. Nd2 Nb6 16. Bxb6+ axb6 17. Kb2 Ra4 18. Ra1 Rha8 19. Rhe1 Ne8 20. g4
Nd6 21. f3 Nb7 22. h4 Nc5 23. Be2 R4a7 24. g5 hxg5 25. hxg5 Na4+ 26. Kc1 Nxc3
27. Kb2 Na4+ 28. Kc1 Nc5 29. Kb2 g6 30. Nb1 b4 31. Bf1 b5 32. Re3 Bc4 33. Bxc4
bxc4 34. axb4 Rxa1 35. bxc5 R8a2+ 36. Kc1 Ra5 37. Kb2 R1a2+ 38. Kc1 Rb5 39. Nc3
Ra1+ 40. Kd2 Rxc5 41. Nd1 Rb5 42. Re2 Rbb1 43. Ne3 Kd7 44. Nxc4 Ke6 45. Kc3 Rf1
46. Nd2 Rae1 47. Rh2 Rh1 48. Rf2 Rhg1 49. f4 Re3+ 50. Kc4 exf4 51. Rxf4 Rxg5
52. Kd4 Rgg3 53. Nc4 Ref3 54. Rh4 Rf2 55. Rh8 Rxc2 56. Re8+ Kd7 57. Ra8 c5+ 58.
Kxc5 Rgc3 59. Ra7+ Ke6 60. Ra4 g5 61. Kd4 Rxc4+ 62. Rxc4 Rxc4+ 63. Kxc4 Ke5 64.
Kd3 Kf4 65. e5 Kf3 0-1

[Event "Reykjavik Open 2015"]
[Site "Reykjavik, "]
[Date "2015.03.16"]
[Round "8.92"]
[White "Burgisser, Claude"]
[Black "Masungwini, Michael T"]
[Result "0-1"]
[WhiteElo "1724"]
[BlackElo "1972"]
[PlyCount "30"]
[EventDate "2015.03.10"]

1. d4 c5 2. c3 cxd4 3. f4 dxc3 4. Nxc3 e6 5. Nf3 d5 6. e3 Nc6 7. Bd3 Nf6 8. O-O
g6 9. Bd2 Bg7 10. Rc1 O-O 11. Be1 d4 12. exd4 Nxd4 13. Bf2 Nc6 14. Qc2 Nb4 15.
Qd2 Qxd3 0-1

[Event "Reykjavik Open 2015"]
[Site "Reykjavik, "]
[Date "2015.03.16"]
[Round "8.93"]
[White "Jonsson, Gauti Pall"]
[Black "Nilsen, Tobias Lang"]
[Result "1-0"]
[WhiteElo "1968"]
[BlackElo "1761"]
[PlyCount "83"]
[EventDate "2015.03.10"]

1. e4 e6 2. d4 d5 3. Nc3 Nf6 4. Bg5 Be7 5. e5 Nfd7 6. Bxe7 Qxe7 7. f4 a6 8. a4
c5 9. Nf3 Nc6 10. Qd2 cxd4 11. Nxd4 Nxd4 12. Qxd4 Qc5 13. Qd2 b6 14. Ne2 Bb7
15. b4 Qc7 16. Nd4 Rc8 17. Ra3 Nb8 18. Bd3 Nc6 19. Rc3 Qd7 20. Nxc6 Rxc6 21. b5
Rxc3 22. Qxc3 a5 23. Qd4 Qc7 24. Kd2 g6 25. g4 h5 26. f5 gxf5 27. gxf5 Rg8 28.
Rg1 Rxg1 29. Qxg1 Qxe5 30. Qxb6 Qf4+ 31. Kd1 Qf3+ 32. Be2 Qh1+ 33. Kd2 d4 34.
fxe6 fxe6 35. Qxe6+ Kf8 36. Qf6+ Kg8 37. Bc4+ Kh7 38. Qf7+ Kh6 39. Bd3 Qxh2+
40. Kc1 Qg1+ 41. Kb2 Qg2 42. Qf6+ 1-0

[Event "Reykjavik Open 2015"]
[Site "Reykjavik, "]
[Date "2015.03.16"]
[Round "8.94"]
[White "Petersson, Baldur Teodor"]
[Black "Jonasson, Hordur"]
[Result "1-0"]
[WhiteElo "1951"]
[BlackElo "1562"]
[PlyCount "73"]
[EventDate "2015.03.10"]

1. e4 e6 2. d4 d5 3. exd5 exd5 4. Bd3 Bd6 5. Nf3 Nf6 6. O-O O-O 7. Bg5 h6 8.
Bh4 Bg4 9. Nbd2 Nbd7 10. c3 c6 11. Qc2 Qc7 12. Rfe1 Rfe8 13. h3 Bxf3 14. Nxf3
Nh5 15. Bf5 Nhf6 16. Rad1 a6 17. Qd3 Nh5 18. Bxd7 Qxd7 19. Ne5 Bxe5 20. dxe5
Nf4 21. Qf3 Ng6 22. Bg3 Qe6 23. Qh5 Nf8 24. f4 Qg6 25. Qf3 Qf5 26. Bh2 Ne6 27.
Re2 g5 28. g4 Qh7 29. f5 Nf8 30. b3 Rad8 31. Qe3 f6 32. e6 Qe7 33. Qb6 c5 34.
Qc7 Rc8 35. Qxe7 Rxe7 36. Rxd5 Rc6 37. Rd8 1-0

[Event "Reykjavik Open 2015"]
[Site "Reykjavik, "]
[Date "2015.03.16"]
[Round "8.95"]
[White "Holm, Fridgeir K"]
[Black "Klausen, Kris"]
[Result "0-1"]
[WhiteElo "1700"]
[BlackElo "1937"]
[PlyCount "152"]
[EventDate "2015.03.10"]

1. e4 c5 2. Nf3 Nc6 3. d4 cxd4 4. Nxd4 g6 5. Nxc6 bxc6 6. Qd4 Nf6 7. e5 Nh5 8.
Nc3 Ng7 9. Bd3 Ne6 10. Qe3 Bg7 11. f4 Qb6 12. O-O d5 13. Qxb6 axb6 14. a3 Nc5
15. Be3 Nxd3 16. cxd3 Rb8 17. b4 Bf5 18. d4 O-O 19. h3 Rfd8 20. Na4 Bc2 21. Nb2
Bf5 22. Rfc1 Bd7 23. Kf2 f6 24. g4 Kf7 25. Kg3 h5 26. Rf1 hxg4 27. hxg4 Rh8 28.
Rh1 Rxh1 29. Rxh1 c5 30. dxc5 fxe5 31. fxe5 Bxe5+ 32. Bf4 Bxf4+ 33. Kxf4 bxc5
34. Nd3 cxb4 35. axb4 Kg7 36. Kg5 d4 37. Re1 Rb5+ 38. Nc5 Kf7 39. Re5 Bc8 40.
Re4 Rxb4 41. Rf4+ Kg7 42. Re4 e6 43. Nxe6+ Bxe6 44. Rxe6 Rb5+ 45. Kf4 Rd5 46.
Re2 d3 47. Rd2 Kf6 48. g5+ Ke6 49. Ke4 Re5+ 50. Kf4 Rf5+ 51. Kg4 Rd5 52. Kf4
Rd4+ 53. Ke3 Ke5 54. Kf3 Kf5 55. Ke3 Rd5 56. Rf2+ Kxg5 57. Kd2 Rd4 58. Rg2+ Rg4
59. Rh2 Rg3 60. Rh8 Kg4 61. Rh6 g5 62. Rd6 Kh3 63. Rh6+ Kg2 64. Rg6 Kh3 65.
Rh6+ Kg4 66. Rh8 Rf3 67. Rg8 Kh4 68. Rh8+ Kg3 69. Rg8 g4 70. Rg7 Kh3 71. Rg6 g3
72. Rh6+ Kg2 73. Ke1 Rf2 74. Rh7 d2+ 75. Kd1 Kg1 76. Rh6 g2 0-1

[Event "Reykjavik Open 2015"]
[Site "Reykjavik, "]
[Date "2015.03.16"]
[Round "8.96"]
[White "Hauksdottir, Hrund"]
[Black "Undheim, Bjarne"]
[Result "1-0"]
[WhiteElo "1692"]
[BlackElo "1926"]
[PlyCount "73"]
[EventDate "2015.03.10"]

1. e4 d5 2. exd5 Nf6 3. Nc3 Nxd5 4. Bc4 Nb6 5. Bb3 Nc6 6. Nf3 Bf5 7. O-O e6 8.
d3 Be7 9. Bf4 g5 10. Be5 f6 11. Bg3 h5 12. h4 Bg4 13. Nb5 Bd6 14. Nxd6+ cxd6
15. hxg5 fxg5 16. Qe1 e5 17. Qe3 Bxf3 18. Qxf3 Qe7 19. c3 Qh7 20. Qf6 Kd7 21.
d4 h4 22. Bh2 h3 23. Be6+ Kc7 24. Bf5 hxg2 25. Bxh7 gxf1=Q+ 26. Rxf1 Rxh7 27.
dxe5 Rah8 28. exd6+ Kc8 29. Bg3 Nd7 30. Qe6 Rh6 31. Qf5 Rh5 32. Kg2 Nce5 33.
Qe6 g4 34. Re1 Nc6 35. Qg6 Nd8 36. Re7 R5h6 37. Qxg4 1-0

[Event "Reykjavik Open 2015"]
[Site "Reykjavik, "]
[Date "2015.03.16"]
[Round "8.98"]
[White "Jonsson, Olafur Gisli"]
[Black "Babijczuk, Wojciech"]
[Result "0-1"]
[WhiteElo "1899"]
[BlackElo "1549"]
[PlyCount "100"]
[EventDate "2015.03.10"]

1. e4 g6 2. d4 Bg7 3. Nc3 d6 4. Be3 a6 5. Qd2 b5 6. a3 Nf6 7. f3 Nbd7 8. Bh6
O-O 9. g4 c5 10. Nge2 b4 11. axb4 cxb4 12. Nd1 a5 13. Ng3 Bb7 14. Bxg7 Kxg7 15.
h4 e5 16. d5 Nc5 17. h5 Ng8 18. Ne3 b3 19. c3 a4 20. Nc4 Ba6 21. Qh2 h6 22. Qd2
Qf6 23. Kf2 Rad8 24. Na3 Bc8 25. Kg2 Bd7 26. Bb5 Qf4 27. Qxf4 exf4 28. Ne2 Bxb5
29. Nxb5 g5 30. Rhd1 Rd7 31. Ned4 Ne7 32. Nc6 Kf6 33. Nbd4 Nxc6 34. Nxc6 Ra8
35. Ra3 Rb7 36. Rd4 Rb6 37. Kf1 Rba6 38. Ke2 Nd7 39. Rb4 Ne5 40. Nd4 Kg7 41.
Nf5+ Kh7 42. Nd4 Kg7 43. Nb5 Rb6 44. Nc7 Rxb4 45. Nxa8 Rc4 46. Nb6 Rxc3 47.
Nxa4 Rxf3 48. Nc3 Re3+ 49. Kf1 Nc4 50. Ra6 Rxc3 0-1

[Event "Reykjavik Open 2015"]
[Site "Reykjavik, "]
[Date "2015.03.16"]
[Round "8.99"]
[White "Edvardsen, Oystein"]
[Black "Valdimarsson, Einar"]
[Result "0-1"]
[WhiteElo "1662"]
[BlackElo "1889"]
[PlyCount "60"]
[EventDate "2015.03.10"]

1. e4 e5 2. f4 d5 3. exd5 exf4 4. Nf3 Nf6 5. Nc3 Nxd5 6. Bc4 Be6 7. Bxd5 Bxd5
8. Nxd5 Qxd5 9. O-O Nc6 10. d4 O-O-O 11. Bxf4 Nxd4 12. Nxd4 Qxd4+ 13. Qxd4 Rxd4
14. Be3 Rd7 15. Rf3 f6 16. a4 Bd6 17. h3 Re8 18. Kf1 Re4 19. a5 a6 20. c3 h5
21. b4 Be5 22. Bf2 g5 23. Rb1 g4 24. Rf5 Bxc3 25. b5 axb5 26. Rfxb5 Rd2 27. Bg3
gxh3 28. gxh3 Re3 29. Bxc7 Rf3+ 30. Ke1 Rg2+ 0-1

[Event "Reykjavik Open 2015"]
[Site "Reykjavik, "]
[Date "2015.03.16"]
[Round "8.100"]
[White "Einarsson, Oskar Long"]
[Black "Nordquelle, Daniel"]
[Result "1-0"]
[WhiteElo "1574"]
[BlackElo "1874"]
[PlyCount "87"]
[EventDate "2015.03.10"]

1. e4 e6 2. d4 d5 3. Nd2 Nf6 4. e5 Nfd7 5. Bd3 c5 6. c3 Nc6 7. Ne2 cxd4 8. cxd4
f6 9. exf6 Nxf6 10. O-O Bd6 11. Nf3 Qc7 12. Re1 O-O 13. a3 Bd7 14. Ng3 Qb6 15.
b4 Kh8 16. Bc2 a5 17. bxa5 Nxa5 18. Ng5 Bxg3 19. hxg3 h6 20. Nf3 Nc6 21. Rb1
Qa7 22. Rb3 Kg8 23. Bf4 Ng4 24. Bd6 Rf6 25. Qd3 g6 26. Reb1 Bc8 27. Rb6 h5 28.
Bc5 e5 29. Rxc6 e4 30. Qb3 Qa5 31. Rxf6 Nxf6 32. Bxe4 Kg7 33. Bxd5 Qc7 34. Bc4
Qd7 35. Ne5 Qf5 36. Bd3 Qg5 37. Bxg6 Bg4 38. Qxb7+ Kh6 39. Nf7+ Kxg6 40. Nxg5
h4 41. gxh4 Re8 42. Qf7+ Kf5 43. Be7 Rf8 44. Rb5+ 1-0

[Event "Reykjavik Open 2015"]
[Site "Reykjavik, "]
[Date "2015.03.16"]
[Round "8.101"]
[White "Fjallheim, Leif Reinert"]
[Black "Milvang, Otto"]
[Result "0-1"]
[WhiteElo "1525"]
[BlackElo "1872"]
[PlyCount "90"]
[EventDate "2015.03.10"]

1. e4 c5 2. Nf3 d6 3. d4 cxd4 4. Nxd4 Nf6 5. Nc3 a6 6. Bc4 e6 7. Bg5 Be7 8. Qd2
O-O 9. Bd3 e5 10. Nf5 Bxf5 11. exf5 Nbd7 12. h4 d5 13. f3 Re8 14. O-O-O Qa5 15.
Kb1 Bb4 16. a3 Bxc3 17. Qxc3 Qxc3 18. bxc3 b5 19. g4 Nc5 20. Bxf6 gxf6 21. Rdg1
Na4 22. g5 Kg7 23. g6 fxg6 24. fxg6 h6 25. Bf5 Re7 26. Rc1 Rc7 27. Be6 Re8 28.
Bf7 Rd8 29. Rhf1 Rxc3 30. f4 e4 31. Rcd1 d4 32. Bb3 Rxb3+ 33. cxb3 Nc3+ 34. Kc2
Nxd1 35. Kxd1 Kxg6 36. f5+ Kh5 37. Rf4 e3 38. Re4 Rd5 39. Ke2 d3+ 40. Kd1 e2+
41. Kd2 Re5 42. Rxe5 fxe5 43. Ke1 e4 44. Kd2 e3+ 45. Ke1 Kg4 0-1

[Event "Reykjavik Open 2015"]
[Site "Reykjavik, "]
[Date "2015.03.16"]
[Round "8.102"]
[White "Kristjansson, Halldor Atli"]
[Black "Densing, Gerd"]
[Result "1/2-1/2"]
[WhiteElo "1335"]
[BlackElo "1903"]
[PlyCount "59"]
[EventDate "2015.03.10"]

1. d4 e6 2. c4 b6 3. Nf3 Bb7 4. Nbd2 Nf6 5. g3 c5 6. dxc5 Bxc5 7. Bg2 Qc7 8.
O-O Ng4 9. Nb3 Nxf2 10. Rxf2 Bxf2+ 11. Kxf2 Qxc4 12. Ne5 Qc8 13. Bf4 Bxg2 14.
Kxg2 Qb7+ 15. Kg1 d5 16. Rc1 O-O 17. Nf3 Na6 18. a3 Rac8 19. Rxc8 Rxc8 20. Qd3
Nc5 21. Nxc5 bxc5 22. Ng5 g6 23. Qd2 h6 24. Nf3 g5 25. Be5 d4 26. h4 Qe4 27.
hxg5 hxg5 28. Qxg5+ Qg6 29. Qh4 Qh7 30. Qg5+ 1/2-1/2

[Event "Reykjavik Open 2015"]
[Site "Reykjavik, "]
[Date "2015.03.16"]
[Round "8.103"]
[White "Weichelt, Jens"]
[Black "Van Zyl-Rudd, Jack"]
[Result "1-0"]
[WhiteElo "2132"]
[BlackElo "1648"]
[PlyCount "85"]
[EventDate "2015.03.10"]

1. d4 d5 2. Nf3 Nf6 3. g3 c6 4. Bg2 Bf5 5. O-O h6 6. c4 e6 7. Nc3 Bd6 8. b3
Nbd7 9. Bb2 O-O 10. Nd2 Re8 11. e4 dxe4 12. Ndxe4 Nxe4 13. Nxe4 Nf6 14. Nxd6
Qxd6 15. Qe2 Rad8 16. Rfe1 Bg6 17. Qe3 a6 18. Qc3 Qf8 19. a4 Qd6 20. Rad1 Rc8
21. Qc1 Nd7 22. Re3 Nf8 23. Rde1 Red8 24. Qa1 f6 25. Bh3 Bf7 26. Qc1 Kh7 27. f4
Rc7 28. Qa1 b5 29. Ba3 b4 30. Bb2 a5 31. f5 exf5 32. Bxf5+ Bg6 33. Qb1 Rdd7 34.
Bxg6+ Nxg6 35. Qf5 Re7 36. h4 Rxe3 37. Rxe3 Re7 38. Rxe7 Qxe7 39. h5 Qe1+ 40.
Kg2 Qe2+ 41. Kh3 Qxb2 42. hxg6+ Kg8 43. Qc8# 1-0

[Event "Reykjavik Open 2015"]
[Site "Reykjavik, "]
[Date "2015.03.16"]
[Round "8.104"]
[White "Stam, Bart"]
[Black "Steinthorsson, Felix"]
[Result "1-0"]
[WhiteElo "1972"]
[BlackElo "1634"]
[PlyCount "55"]
[EventDate "2015.03.10"]

1. e4 e6 2. d4 d5 3. Nc3 Nf6 4. Bg5 Bb4 5. e5 h6 6. exf6 hxg5 7. fxg7 Rg8 8. h4
Qf6 9. hxg5 Qxg5 10. Nf3 Qxg7 11. Qd3 Bd7 12. O-O-O Nc6 13. a3 Bxc3 14. Qxc3
O-O-O 15. g3 f6 16. Bh3 Ne7 17. Rde1 Qf7 18. Qe3 f5 19. Ng5 Qg6 20. Nxe6 Bxe6
21. Qxe6+ Qxe6 22. Rxe6 Kd7 23. Rh6 c6 24. Kd2 Rdf8 25. Rh7 Kd8 26. Re1 Re8 27.
Rf7 Rgf8 28. Rexe7 1-0

[Event "Reykjavik Open 2015"]
[Site "Reykjavik, "]
[Date "2015.03.16"]
[Round "8.105"]
[White "Korning, Peter"]
[Black "Halldorsson, Haukur"]
[Result "1-0"]
[WhiteElo "1944"]
[BlackElo "1575"]
[PlyCount "81"]
[EventDate "2015.03.10"]

1. e4 c6 2. d4 d5 3. Nd2 dxe4 4. Nxe4 Bf5 5. Ng3 Bg6 6. Nf3 e6 7. h4 h6 8. Bd3
Bxd3 9. Qxd3 Bd6 10. Ne4 Nf6 11. Bd2 Nxe4 12. Qxe4 Nd7 13. O-O-O Nf6 14. Qe2
Qc7 15. Kb1 O-O-O 16. c4 c5 17. Bc3 Qe7 18. Rhe1 cxd4 19. Nxd4 Bc5 20. Qc2 Bxd4
21. Bxd4 Kb8 22. Qa4 a6 23. c5 Qe8 24. Be5+ Ka8 25. Rxd8+ Qxd8 26. c6 Qd3+ 27.
Ka1 Qb5 28. Qxb5 axb5 29. cxb7+ Kxb7 30. Bxf6 gxf6 31. Rd1 Kc6 32. a3 Ra8 33.
Ka2 Ra4 34. b4 Ra8 35. Kb3 Rg8 36. g3 Ra8 37. Rc1+ Kb6 38. g4 Ra7 39. Rc5 e5
40. Rc3 Ra6 41. Rc8 1-0

[Event "Reykjavik Open 2015"]
[Site "Reykjavik, "]
[Date "2015.03.16"]
[Round "8.106"]
[White "Ontiveros, John"]
[Black "Sandberg, Martin"]
[Result "0-1"]
[WhiteElo "1774"]
[BlackElo "1889"]
[PlyCount "80"]
[EventDate "2015.03.10"]

1. d4 Nf6 2. c4 e6 3. Nc3 Bb4 4. Qc2 c5 5. e3 O-O 6. Bd3 Nc6 7. Nge2 d5 8. a3
dxc4 9. Bxc4 cxd4 10. axb4 dxc3 11. bxc3 Ne5 12. Bb5 a6 13. O-O Qc7 14. Ng3 Nd5
15. Bb2 Nxb4 16. Qe4 Nbc6 17. Nh5 f5 18. Qf4 Qf7 19. Be2 Ng6 20. Qg3 f4 21. Qf3
Nce5 22. Qe4 Qf5 23. Qd4 f3 24. Ng3 Qg5 25. gxf3 Nh4 26. Qe4 Nhxf3+ 27. Bxf3
Nxf3+ 28. Kg2 Nd2 29. f4 Qh6 30. Qe5 Nxf1 31. Rxf1 Rd8 32. Rf2 Bd7 33. e4 Bc6
34. Ne2 Qg6+ 35. Ng3 h5 36. h4 Rd3 37. Qg5 Bxe4+ 38. Kh2 Rad8 39. c4 Qxg5 40.
fxg5 Rd2 0-1

[Event "Reykjavik Open 2015"]
[Site "Reykjavik, "]
[Date "2015.03.16"]
[Round "8.107"]
[White "Ingason, Sigurdur"]
[Black "Magnusdottir, Veronika Steinun"]
[Result "1-0"]
[WhiteElo "1880"]
[BlackElo "1571"]
[PlyCount "41"]
[EventDate "2015.03.10"]

1. d4 d5 2. c4 c6 3. cxd5 cxd5 4. Nf3 Nf6 5. Nc3 Qb6 6. Na4 Qd8 7. Bf4 e6 8.
Rc1 Bb4+ 9. Bd2 Bxd2+ 10. Nxd2 O-O 11. e3 b6 12. Bd3 Ba6 13. Bxa6 Nxa6 14. Qe2
Nc7 15. O-O Qd7 16. Nc3 Rac8 17. Nf3 Qe7 18. a3 Nce8 19. Nxd5 Qd8 20. Rxc8 Qxc8
21. Ne7+ 1-0

[Event "Reykjavik Open 2015"]
[Site "Reykjavik, "]
[Date "2015.03.16"]
[Round "8.108"]
[White "Klofsrud, August"]
[Black "Kolka, Dawid"]
[Result "0-1"]
[WhiteElo "1571"]
[BlackElo "1875"]
[PlyCount "58"]
[EventDate "2015.03.10"]

1. Nf3 d5 2. c4 c6 3. d4 Nf6 4. Bg5 e6 5. Nc3 Nbd7 6. e3 Qa5 7. Nd2 Bb4 8. Qc2
dxc4 9. Bxf6 Nxf6 10. Nxc4 Qc7 11. Be2 O-O 12. O-O b6 13. Ne5 Bxc3 14. Qxc3 Bb7
15. f4 Rac8 16. Rac1 Qe7 17. Qe1 c5 18. dxc5 Rxc5 19. Rxc5 Qxc5 20. Bd3 Rd8 21.
g4 Qd5 22. Qg3 Qxa2 23. g5 Ne4 24. Qg2 Nc5 25. Bc4 Bxg2 26. Bxa2 Bxf1 27. Kxf1
Rd2 28. Nc4 Rxh2 29. Bb1 Rh1+ 0-1

[Event "Reykjavik Open 2015"]
[Site "Reykjavik, "]
[Date "2015.03.16"]
[Round "8.109"]
[White "Ragnarsson, Heimir Pall"]
[Black "Birkisson, Bjorn Holm"]
[Result "0-1"]
[WhiteElo "1497"]
[BlackElo "1845"]
[PlyCount "58"]
[EventDate "2015.03.10"]

1. c4 Nf6 2. g3 e6 3. Bg2 c5 4. Nc3 d5 5. cxd5 exd5 6. d4 cxd4 7. Qxd4 Nc6 8.
Qd1 Bf5 9. Nf3 d4 10. Nb5 Qa5+ 11. Qd2 Qxb5 12. Nxd4 Nxd4 13. Qxd4 Qb4+ 14. Qd2
Rd8 15. a3 Qxd2+ 16. Bxd2 Be4 17. f3 Bc6 18. e4 Bc5 19. Bg5 Bd4 20. Rd1 h6 21.
Bc1 Bb6 22. f4 Bxe4 23. Bxe4 Nxe4 24. Ke2 Rxd1 25. Rxd1 O-O 26. Kf3 Nf6 27. b4
Rc8 28. Bb2 Rd8 29. Re1 Rd3+ 0-1

[Event "Reykjavik Open 2015"]
[Site "Reykjavik, "]
[Date "2015.03.16"]
[Round "8.110"]
[White "Andersen, Dag"]
[Black "Luu, Robert"]
[Result "1-0"]
[WhiteElo "1843"]
[BlackElo "1362"]
[PlyCount "85"]
[EventDate "2015.03.10"]

1. d4 Nf6 2. Nf3 e6 3. Bg5 d5 4. Nbd2 Be7 5. e3 b6 6. Bd3 Bb7 7. O-O Nbd7 8. c3
h6 9. Bh4 O-O 10. Ne5 Ne4 11. Bxe7 Qxe7 12. Nxd7 Qxd7 13. Nf3 Qe7 14. Ne5 Rad8
15. Qe2 Qf6 16. a4 a5 17. Rac1 Nd6 18. b3 Rfe8 19. Bb1 c6 20. f3 c5 21. Ng4 Qe7
22. Qc2 f5 23. Ne5 cxd4 24. exd4 Nf7 25. Nxf7 Qxf7 26. f4 Kh8 27. Kh1 Rc8 28.
Rf3 Rf8 29. Re3 Rc6 30. Qe2 Bc8 31. Bd3 Qc7 32. Bb5 Rd6 33. Rf1 Rf6 34. Rff3
Rg6 35. Rg3 Rxg3 36. Rxg3 Qf7 37. Qe5 Qe7 38. Rxg7 Qxg7 39. Qxd6 Qb7 40. Qf8+
Kh7 41. Be2 Qg7 42. Qxc8 Qf7 43. Qc6 1-0

[Event "Reykjavik Open 2015"]
[Site "Reykjavik, "]
[Date "2015.03.16"]
[Round "8.111"]
[White "Kravchuk, Mykhaylo"]
[Black "Jonsson, Pall G"]
[Result "0-1"]
[WhiteElo "1475"]
[BlackElo "1833"]
[PlyCount "86"]
[EventDate "2015.03.10"]

1. d4 g6 2. Nf3 Bg7 3. e3 Nf6 4. Bd3 O-O 5. O-O d6 6. c4 c5 7. d5 Na6 8. a3 Nc7
9. Nc3 Ng4 10. h3 Ne5 11. Nxe5 Bxe5 12. f4 Bg7 13. f5 Rb8 14. e4 e6 15. Qg4
exf5 16. exf5 Bd7 17. Qg3 Qf6 18. Ne4 Qd4+ 19. Kh1 Be5 20. Bf4 Ne8 21. Bxe5
dxe5 22. f6 b5 23. Rac1 Rb6 24. Rc3 bxc4 25. Rxc4 Qxb2 26. a4 Rb4 27. Nxc5 Rxc4
28. Bxc4 Bc8 29. Qb3 Qd4 30. Nd3 Nd6 31. Bb5 a6 32. Bc6 Bf5 33. Nf2 e4 34. Ng4
Bxg4 35. hxg4 e3 36. Re1 Nc4 37. Qd1 Qxf6 38. Qe2 Qh4+ 39. Kg1 Rb8 40. d6 Rb2
41. Qxb2 Qxe1+ 42. Kh2 Nxb2 43. d7 Qh4+ 0-1